000 01496nam a22002057a 4500
999 _c59077
_d59077
003 Ge_BSU
005 20221117153739.0
008 221117s2004 ge ||||| |||| 00| 0 geo d
041 _ageo
080 _a347.83 + 341.176.2(4)(088.4) ე-35
245 _aევროპული კონვენცია ტრანსსასაზღვრო ტელევიზიის შესახებ ; ევროპული კონვენცია მომსახურების სამართლებრივი დაცვის შესახებ, რომელიც ემყარება ან მოიცავს პირობით ხელმისაწვდომობას /
_cტექსტის თარგმანი და რედაქტირება: ლაშა ჭელიძე [და სხვ.].
264 _aთბილისი :
_bრეგთაიმი
_c2004.
300 _a214 გვ. ;
_b20 სმ.
490 _aსერიიდან "მედია" ; 4
653 _aევროპული კონვენცია
653 _aსატელევიზიო გადაცემების და რადიომაუწყებლობის შესახებ.
653 _aტრანსსასაზღვრო ტელევიზია.
653 _aმომსახურების სამართლებრივი დაცვა.
942 _2udc
_cBK